[Event "GER-ch34 V08 email"]
[Site "GER email"]
[Date "2002.03.23"]
[Round "?"]
[White "Bommhardt, Harry"]
[Black "Fabig, Holger"]
[Result "1-0"]
[WhiteElo "2194"]
[BlackElo "2219"]
[PlyCount "71"]
[EventDate "2002.??.??"]
[EventType "tourn (corr)"]
[EventRounds "9"]
[EventCountry "GER"]
[SourceTitle "Corr 2011"]
[Source "ChessBase"]
[SourceDate "2010.08.31"]
[SourceVersion "1"]
[SourceVersionDate "2010.08.31"]
[SourceQuality "1"]

1. e4 e6 2. d4 b6 3. Nf3 Bb7 4. Bd3 Nf6 5. e5 Nd5 6. 0-0 c5 7. Be4 b5 8. Re1 cxd4 9. Nxd4 Qb6 10. Bxd5 Bxd5 11. Nc3 Bc6 12. a3 a6 13. Bf4 Bb7 14. Ne4 Bxe4 15. Rxe4 Nc6 16. c3 Bc5 17. Qg4 Rg8 18. Qf3 Qb7 19. Nb3 Be7 20. Rd1 0-0-0 21. c4 f5 22. exf6 gxf6 23. cxb5 axb5 24. Na5 Nxa5 25. Rc1+ Nc6 26. Rxe6 dxe6 27. Rxc6+ Kd7 28. Rd6+ Bxd6 29. Qxb7+ Ke8 30. Qxb5+ Ke7 31. Qb7+ Rd7 32. Bxd6+ Kxd6 33. Qb4+ Kc6 34. Qc3+ Kb7 35. h4 Rgd8 36. Qxf6 1-0

[Event "GER-ch34 V08 email"]
[Site "GER email"]
[Date "2002.03.23"]
[Round "?"]
[White "Striepens, Benedikt"]
[Black "Bommhardt, Harry"]
[Result "1/2-1/2"]
[WhiteElo "2076"]
[BlackElo "2194"]
[PlyCount "60"]
[EventDate "2002.??.??"]
[EventType "tourn (corr)"]
[EventRounds "9"]
[EventCountry "GER"]
[SourceTitle "Corr 2011"]
[Source "ChessBase"]
[SourceDate "2010.08.31"]
[SourceVersion "1"]
[SourceVersionDate "2010.08.31"]
[SourceQuality "1"]

1. d4 Nf6 2. c4 c5 3. Nf3 cxd4 4. Nxd4 e6 5. g3 Qc7 6. Nd2 a6 7. Bg2 Nc6 8. Nxc6 dxc6 9. 0-0 Be7 10. Qc2 0-0 11. b3 e5 12. Bb2 Bc5 13. Bc3 Bg4 14. Ne4 Nxe4 15. Qxe4 f5 16. Qc2 Qe7 17. Rad1 f4 18. Be4 Bh3 19. Bg2 Bxg2 20. Kxg2 e4 21. f3 exf3+ 22. exf3 fxg3 23. hxg3 Rae8 24. Rfe1 Qf7 25. f4 g5 26. Rxe8 Rxe8 27. fxg5 Qh5 28. Rd2 Bf8 29. Rf2 Qxg5 30. Qd1 Qg6 1/2-1/2

[Event "GER-ch33 V02 email"]
[Site "GER email"]
[Date "2002.??.??"]
[Round "?"]
[White "Rosenzweig, Peter"]
[Black "Bommhardt, Harry"]
[Result "1/2-1/2"]
[WhiteElo "2286"]
[BlackElo "2164"]
[PlyCount "72"]
[EventDate "2002.??.??"]
[EventType "tourn (corr)"]
[EventRounds "12"]
[EventCountry "GER"]
[SourceTitle "Corr 2011"]
[Source "ChessBase"]
[SourceDate "2010.08.31"]
[SourceVersion "1"]
[SourceVersionDate "2010.08.31"]
[SourceQuality "1"]

1. c4 e5 2. g3 Nf6 3. Bg2 c6 4. d4 exd4 5. Qxd4 d5 6. cxd5 cxd5 7. Nf3 Nc6 8. Qa4 Qb6 9. 0-0 Bc5 10. a3 Bd7 11. Qd1 Ne4 12. e3 Be6 13. b4 Be7 14. Bb2 0-0 15. Nd4 Nxd4 16. Bxd4 Qc6 17. Nd2 Nc3 18. Qh5 g6 19. Qf3 Nb5 20. Bc5 Bxc5 21. Rfc1 b6 22. Nb3 Rfc8 23. bxc5 bxc5 24. Nxc5 Qd6 25. Nxe6 fxe6 26. Bh3 Qe5 27. Qg4 Re8 28. Qb4 Nd6 29. Rab1 Nc4 30. Qc5 Nb6 31. Qa5 Qd6 32. Qa6 Re7 33. Bf1 Rf8 34. a4 Qa3 35. a5 Nc4 36. Bxc4 dxc4 1/2-1/2

[Event "GER-ch32 V7 email"]
[Site "GER email"]
[Date "2000.04.10"]
[Round "?"]
[White "Offenborn, Heinz"]
[Black "Bommhardt, Harry"]
[Result "1/2-1/2"]
[WhiteElo "2225"]
[BlackElo "2194"]
[PlyCount "62"]
[EventDate "2000.04.10"]
[EventType "tourn (corr)"]
[EventRounds "10"]
[EventCountry "GER"]
[SourceTitle "Corr 2008"]
[Source "ChessBase"]
[SourceDate "2008.06.24"]
[SourceVersion "1"]
[SourceVersionDate "2008.06.24"]
[SourceQuality "1"]

1. d4 Nf6 2. c4 g6 3. Nc3 d5 4. cxd5 Nxd5 5. e4 Nxc3 6. bxc3 Bg7 7. Bc4 c5 8. Ne2 Nc6 9. Be3 0-0 10. 0-0 cxd4 11. cxd4 Bg4 12. f3 Na5 13. Bxf7+ Rxf7 14. fxg4 Rxf1+ 15. Kxf1 e5 16. d5 Nc4 17. Qd3 Nxe3+ 18. Qxe3 Qh4 19. h3 Bh6 20. Qd3 Rf8+ 21. Kg1 Qf2+ 22. Kh2 Qe3 23. Qxe3 Bxe3 24. Re1 Rc8 25. Ng1 Rc3 26. Rb1 b6 27. Rf1 Bf4+ 28. Kh1 Ra3 29. Nf3 h6 30. Nd4 Rxa2 31. Ne6 a5 1/2-1/2